00724pam a2200229 i 450000100060000000300080000600500170001400800410003103500190007204000230009104100080011408200240012224500350014626000360018130000210021750400300023860000530026870000260032194200120034799900170035995201180037677404BD-RjUL20211209082952.0200823s1950 n a b 000 0 eng  a(BD-RjUL)77629 aDLCcDLCdMYGbeng aeng 219a821.4bMIL 195010aMilton /c ed by Maynard Mack  aNewyork :bprentice hall,c1950 a340 p. ;c24 cm. aBibliographical reference10aMilton, John,d1608-1674xIn literature.9241231 aMack, Maynard9241232 2ddccBK c77404d77404 00102ddc40708NFICaRUCLbRUCLcStackd2020-08-24l0o821.4 MIL 1950r2020-08-24 00:00:00tC-2w2020-08-24yBK